|
|
|
|
| LEADER |
00000cam a2200000 7i4500 |
| 001 |
0000013377 |
| 005 |
20090902.0 |
| 008 |
080111 |
| 020 |
|
|
|a 9830995488
|
| 090 |
0 |
0 |
|a 297.5
|b HAR
|
| 100 |
1 |
|
|a Harun Yahya
|
| 245 |
1 |
0 |
|a Nilai-nilai moral dalam Al-Qur'an
|c Harun Yahya; penterjemah Rose Iriyanti Saidin
|
| 260 |
|
|
|a Kuala Lumpur :
|b Al - Hidayah Publishers ,
|c 2004
|
| 650 |
|
0 |
|a Koran
|x Moral and ethical aspects
|
| 700 |
0 |
|
|a Rose Iriyanti Saidin
|
| 999 |
|
|
|a 0000940523
|b Book
|c Adult Collection
|e Cawangan Taman Sri Lambak
|
| 999 |
|
|
|a 0001008290
|b Book
|c Adult Collection
|e Perbadanan Perpustakaan Awam Johor
|
| 999 |
|
|
|a 0001008291
|b Book
|c Adult Collection
|e Cawangan Segamat
|
| 999 |
|
|
|a 0001008292
|b Book
|c Adult Collection
|e Perbadanan Perpustakaan Awam Johor
|
| 999 |
|
|
|a 0001059606
|b Book
|c Adult Collection
|e Perbadanan Perpustakaan Awam Johor
|
| 999 |
|
|
|a 0001059607
|b Book
|c Adult Collection
|e Cawangan Segamat
|